[Event "II Criciúma Chess Open - A1700 - 12-18"]
[Site "Criciúma SC"]
[Date "2024.01.16"]
[Round "7.7"]
[White "Do Valle Cardoso, Lucas"]
[Black "Bueno, Alfeu Junior Varela"]
[Result "1-0"]
[WhiteElo "2392"]
[BlackElo "2156"]
[PlyCount "81"]
[EventDate "2024.01.12"]
[EventRounds "9"]
[EventCountry "BRA"]

1. e4 e6 2. d4 d5 3. Nc3 Nf6 4. Bg5 Be7 5. e5 Nfd7 6. h4 O-O 7. Qg4 Kh8 8. Bd3
f5 9. Bxe7 Qxe7 10. Qg5 Qf7 11. O-O-O $146 ({RR} 11. h5 h6 12. Qf4 a6 13. Nf3
c5 14. dxc5 Nxc5 15. Be2 Nc6 16. Nh4 Rd8 17. Ng6+ Kg8 18. Bf3 d4 19. Bxc6 bxc6
20. O-O-O d3 21. Qe3 d2+ 22. Rxd2 Rxd2 23. Qxd2 Qd7 24. Qd6 Bb7 25. Qxc5 Rd8 {
Weersing,N (1388)-Warston,H (1656) Helsingor DEN 2019 1-0}) 11... a6 12. h5 c5
13. f4 b5 14. dxc5 Nxc5 15. Nce2 h6 16. Qh4 Nc6 17. Nf3 b4 18. Qf2 Qa7 19. Kb1
Bd7 20. Nfd4 Nxd4 21. Nxd4 Bb5 22. Nb3 Rfc8 23. Nd4 Nxd3 24. cxd3 b3 25. axb3
a5 26. Rd2 Qb6 27. Rc1 Ba6 28. Rxc8+ Rxc8 29. Qe3 Rb8 30. Rc2 Bb5 31. Kc1 Be8
32. Kd2 Kg8 33. Rc3 Bxh5 34. Nc6 Qxe3+ 35. Kxe3 Rb5 36. Nd4 Rb4 37. Nxe6 Bd1
38. Nd4 a4 39. e6 Rb7 40. Nxf5 g6 41. e7 1-0

[Event "II Criciúma Chess Open - A1700 - 12-18"]
[Site "Criciúma SC"]
[Date "2024.01.16"]
[Round "7.8"]
[White "De Oliveira, Jairo Quintiliano"]
[Black "Duarte Napoles, Fanny"]
[Result "0-1"]
[WhiteElo "1840"]
[BlackElo "2220"]
[PlyCount "78"]
[EventDate "2024.01.12"]
[EventRounds "9"]
[EventCountry "BRA"]

1. d4 Nf6 2. Nf3 d5 3. c4 e6 4. Nc3 dxc4 5. Bg5 Bb4 6. e3 b5 7. Be2 Bb7 8. O-O
a6 9. a4 Bxc3 10. bxc3 Qd5 ({RR} 10... c6 11. Ne5 Nbd7 12. f4 Qc7 13. Bf3 Nd5
14. Qd2 f6 15. Nxd7 Qxd7 16. Bh4 f5 17. e4 fxe4 18. Bxe4 O-O 19. Rae1 Rae8 20.
Rf3 Nf6 21. Bc2 c5 22. Rh3 h6 23. axb5 axb5 24. Bb1 cxd4 25. cxd4 {Panchenko,A
(2231)-Sydoryka,V (2328) Kyiv UKR 2021 0-1 (40)}) 11. Bf4 Qc6 $146 ({RR} 11...
Ne4 12. Qc2 O-O 13. axb5 axb5 14. Rxa8 Bxa8 15. Bxc7 Nd7 16. Ra1 Bb7 17. Ne1 f5
18. f3 Nef6 19. Qb2 Qc6 20. Bg3 Nb6 21. Nc2 Na4 22. Qa3 Ra8 23. Nb4 Qd7 24. Be5
Qe7 25. Qc1 Nd7 26. Bg3 {Murzin,L (2175)-Erzhanov,A (2273) Moscow 2009 1/2-1/2
(55)}) 12. Qc2 Nbd7 13. Rfb1 O-O 14. Bf1 Qe4 15. Qc1 Qg6 16. Nd2 Bc6 17. Bxc7
Rac8 18. Bd6 Rfe8 19. axb5 axb5 20. Ra6 e5 21. Rba1 Ng4 22. Bb4 exd4 23. cxd4
Qf5 24. Qe1 Ngf6 25. Qb1 Qg5 26. Bd6 c3 27. Nb3 Be4 28. Qe1 Nd5 29. Bg3 Nb4 30.
R6a5 Nc2 31. Rxb5 Qe7 32. Qc1 Nxa1 33. Nxa1 Nf6 34. f3 Bc6 35. Re5 Qb4 36.
Rxe8+ Bxe8 37. e4 Qxd4+ 38. Bf2 Qd2 39. Nb3 Qb2 0-1

[Event "II Criciúma Chess Open - A1700 - 12-18"]
[Site "Criciúma SC"]
[Date "2024.01.16"]
[Round "7.9"]
[White "Contin, Daniel"]
[Black "Borges, Guilherme Deola"]
[Result "1-0"]
[WhiteElo "2203"]
[BlackElo "2142"]
[PlyCount "119"]
[EventDate "2024.01.12"]
[EventRounds "9"]
[EventCountry "BRA"]

1. c4 c5 2. Nc3 Nc6 3. g3 g6 4. Bg2 Bg7 5. e3 e5 6. Nge2 Nge7 7. d3 O-O 8. b3 (
{RR} 8. Nd5 d6 9. Nec3 Be6 10. O-O Qd7 11. Bd2 f5 12. a3 Rae8 13. b4 b6 14. Qa4
g5 15. Rae1 f4 16. exf4 gxf4 17. f3 Nf5 18. Ne4 Kh8 19. Bc3 Nfe7 20. Nxe7 Rxe7
21. g4 cxb4 22. axb4 d5 {Nakamura,H (2745)-Dobrov,V (2478) chess.com INT 2019
1-0 (61)}) ({RR} 8. Nd5 d6 9. Nec3 Be6 10. O-O Rb8 11. Bd2 a6 12. a4 f5 13. f4
Bxd5 14. Nxd5 Nxd5 15. cxd5 Ne7 16. Qc2 Re8 17. e4 exf4 18. Bxf4 b5 19. axb5
axb5 20. Ra7 c4 21. Rfa1 Bd4+ 22. Kh1 cxd3 {Filippova,D (1992)-Zhurova,A (2127)
Sochi RUS 2021 0-1 (56)}) 8... d6 9. Bb2 Rb8 $146 ({RR} 9... a6 10. Qd2 Rb8 11.
O-O b5 12. h3 b4 13. Nd5 Bb7 14. f4 Nxd5 15. cxd5 Ne7 16. e4 a5 17. fxe5 dxe5
18. Kh1 Qd6 19. Ng1 Ba6 20. Nf3 Nc8 21. a3 Bb7 22. axb4 axb4 23. Qe3 Nb6 24.
Ra5 {Spraggett,K (2520)-Rivera Kuzawka,D (2385) Santiago 1995 1-0 (44)}) ({RR} 
9... Be6 10. Nd5 f5 11. Qd2 Bf7 12. O-O Rb8 {1/2-1/2 (12) Contin,D (2321)
-Perez Ponsa,F (2390) Buenos Aires 2009}) ({RR} 9... Kh8 10. Qd2 f5 11. f4 Be6
12. Nd5 Bg8 13. O-O Nxd5 14. cxd5 Ne7 15. e4 Qd7 16. Rac1 Rac8 17. h4 b5 18.
Kh2 Rc7 19. Ng1 h6 20. fxe5 dxe5 21. Nf3 Rcc8 22. Nxe5 Qd6 23. Nc4 {1-0 (23)
Rakhmanov,A (2640)-Saveliev,A (2328) Minsk 2015}) 10. Qd2 Be6 11. Nd5 b5 12.
Nec3 b4 13. Ne2 Qd7 14. h3 a5 15. Rd1 Bxd5 16. cxd5 Na7 17. d4 cxd4 18. exd4
exd4 19. Nxd4 Nf5 20. Nc6 Rbe8+ 21. Kf1 Bxb2 22. Qxb2 Nb5 23. Qf6 Nc3 24. Rd2
Ne7 25. Qd4 Qf5 26. Qd3 Qxd3+ 27. Rxd3 Nxa2 28. Nxa5 Nf5 29. h4 Ra8 30. Nc6 Nc1
31. Rd1 Nxb3 32. Be4 Nh6 33. Kg2 Nc5 34. Bb1 b3 35. Rhe1 Rfe8 36. f3 Kf8 37. g4
Ng8 38. Rxe8+ Kxe8 39. Kg3 Kd7 40. Kf4 h6 41. h5 g5+ 42. Kf5 Ra4 43. Nd4 Ne7+
44. Kf6 Nxd5+ 45. Kxf7 Nc3 46. Bf5+ Kc7 47. Rc1 Rxd4 48. Rxc3 b2 49. Kg7 Rd1
50. Kxh6 b1=Q 51. Bxb1 Rxb1 52. Kxg5 Kd7 53. Kg6 Ne6 54. h6 d5 55. Ra3 d4 56.
Kf6 Nc5 57. Ra8 Rb6+ 58. Kg5 Ne6+ 59. Kf5 Nc7 60. h7 1-0

[Event "II Criciúma Chess Open - A1700 - 12-18"]
[Site "Criciúma SC"]
[Date "2024.01.16"]
[Round "7.10"]
[White "Silva, Kaua Marques"]
[Black "Terao, Juliana Sayumi"]
[Result "0-1"]
[WhiteElo "2142"]
[BlackElo "2198"]
[PlyCount "82"]
[EventDate "2024.01.12"]
[EventRounds "9"]
[EventCountry "BRA"]

1. e4 c5 2. Nf3 e6 3. d4 cxd4 4. Nxd4 a6 5. c4 Nf6 6. Nc3 Qc7 7. a3 b6 8. f4 d6
9. Bd3 g6 10. O-O Bg7 11. Be3 O-O 12. Rc1 Nbd7 13. b4 Bb7 14. Nb3 Rac8 15. g4
$146 ({RR} 15. Qe2 Qb8 16. Kh1 Qa8 17. Nd2 Nh5 18. Na4 b5 19. cxb5 Rxc1 20.
Rxc1 axb5 21. Bxb5 Ndf6 22. Nc4 Nxe4 23. Kg1 d5 24. Ncb6 Qd8 25. Rd1 d4 26. g3
Qd6 27. Bf2 Rd8 28. Nc4 Qd5 29. Ncb6 Qd6 {Bernal Moro,L (2413)-Bruzon Batista,
L (2643) Linares 2017 0-1 (43)}) 15... Qb8 16. g5 Nh5 17. Be2 Bxc3 18. Rxc3
Bxe4 19. Bxh5 gxh5 20. Qxh5 Ba8 21. Nd2 Qb7 22. Rf3 b5 23. Kf2 Rfe8 24. Rd3
bxc4 25. Rd4 Qb5 26. Rh3 Nf8 27. Qh6 c3 28. Nb3 Qc6 29. Nc1 Qg2+ 30. Ke1 e5 31.
Rg3 Qh1+ 32. Rg1 exd4 33. Rxh1 Rxe3+ 34. Kf2 Bxh1 35. h4 Rce8 36. Qf6 Rf3+ 37.
Kg1 Re1+ 38. Kh2 Rf2+ 39. Kh3 Rxc1 40. h5 Rf3+ 41. Kg4 Rg1+ 0-1

[Event "II Criciúma Chess Open - A1700 - 12-18"]
[Site "Criciúma SC"]
[Date "2024.01.16"]
[Round "7.11"]
[White "Rodi, Luis Ernesto"]
[Black "Lima, Kleyton Alcantara"]
[Result "1-0"]
[WhiteElo "2196"]
[BlackElo "2119"]
[PlyCount "95"]
[EventDate "2024.01.12"]
[EventRounds "9"]
[EventCountry "BRA"]

1. e4 e5 2. Nf3 Nc6 3. Bb5 a6 4. Bxc6 dxc6 5. Nc3 Bc5 6. Qe2 ({RR} 6. h3 Ne7 7.
d3 Ng6 8. O-O h6 9. Ne2 Qe7 10. c3 Bb6 11. Qc2 Nh4 12. Nxh4 Qxh4 13. d4 g5 14.
dxe5 g4 15. g3 Qh5 16. h4 Qxe5 17. Bf4 Qe7 18. Rfe1 Bd7 19. Rad1 O-O-O 20. Nd4
Rde8 {Paredes Bustamante,P (2096)-Franco Valencia,A (2197) Lima 2016 0-1 (50)})
6... Qd6 ({RR} 6... f6 7. d3 Ne7 8. Be3 Bxe3 9. Qxe3 Bg4 10. h3 Bxf3 11. Qxf3
Qd6 12. Qe3 c5 13. Ne2 O-O-O 14. O-O-O Qb6 15. Kb1 Rd6 16. Rd2 Rhd8 17. Rhd1 a5
18. c3 Nc6 19. g3 a4 20. Nc1 Qa7 21. a3 {Knazovcik,L (2260)-Efler,D (2340)
Prague 1992 1-0 (43)}) 7. d3 Ne7 8. Be3 Bd4 $146 ({RR} 8... Bxe3 9. Qxe3 c5 10.
Qg5 Ng6 11. O-O-O f6 12. Qe3 Be6 13. Nd2 O-O-O 14. g3 h5 15. h4 Ne7 16. f4 Nc6
17. f5 Bf7 18. Rdg1 b5 19. g4 Nd4 20. Kb1 b4 21. Na4 Be8 22. Nc4 Qe7 23. b3 {
Tsenov,T-Tsvetkov,I (2389) Sofia 2010 0-1 (45)}) 9. Nd1 Bg4 10. c3 Bxe3 11.
fxe3 c5 12. Nf2 Bh5 13. g4 Bg6 14. Nh4 Qf6 15. Nf5 h5 16. O-O-O Bxf5 17. gxf5
g6 18. Rhf1 gxf5 19. exf5 Qxf5 20. Ne4 Qe6 21. Qf3 O-O-O 22. Qxf7 Qxf7 23. Rxf7
Nd5 24. Nxc5 Nxe3 25. Re1 Ng4 26. h3 Nh6 27. Re7 Ng8 28. R7xe5 b6 29. Nxa6 Rxd3
30. Re8+ Rd8 31. R1e6 Kd7 32. Rxd8+ Kxd8 33. Nb4 Kd7 34. Rg6 Ne7 35. Rg5 Ke6
36. a4 Nf5 37. Rg6+ Kd7 38. Nd5 h4 39. c4 Kc8 40. Rg5 Nd4 41. Rg4 Ne6 42. Ne7+
Kb7 43. Ng6 Rd8 44. Rxh4 Nc5 45. Ne7 Nxa4 46. Nd5 c6 47. Rh7+ Ka6 48. Nb4+ 1-0

[Event "II Criciúma Chess Open - A1700 - 12-18"]
[Site "Criciúma SC"]
[Date "2024.01.16"]
[Round "7.12"]
[White "Caetano, Ryan Wesley Da Cost"]
[Black "Dias, Clara"]
[Result "1-0"]
[WhiteElo "2184"]
[BlackElo "1717"]
[PlyCount "69"]
[EventDate "2024.01.12"]
[EventRounds "9"]
[EventCountry "BRA"]

1. d4 Nf6 2. c4 g6 3. Nc3 d5 4. cxd5 Nxd5 5. Bd2 Bg7 6. e4 Nb6 7. Be3 O-O 8. h3
Nc6 9. Nf3 e5 ({RR} 9... f5 10. exf5 Bxf5 11. Be2 Kh8 12. O-O Nd5 13. Bb5 Ncb4
14. Rc1 Nxc3 15. bxc3 Nd5 16. Bd2 Qd6 17. Re1 c6 18. Bf1 Rad8 19. Ne5 c5 20.
Bg5 Nxc3 21. Qf3 cxd4 22. Nc4 Qd5 23. Bxe7 Qxf3 24. gxf3 {Babula,V (2554)
-Cheparinov,I (2657) Rijeka 2010 1/2-1/2 (114)}) 10. d5 Na5 ({RR} 10... Ne7 11.
Be2 Bd7 12. Qb3 Qb8 13. h4 c6 14. Bc5 Bf6 15. h5 Re8 16. hxg6 hxg6 17. Rd1 cxd5
18. exd5 Bf5 19. g4 Bxg4 20. Ne4 Bg7 21. Nfg5 Bxe2 22. Kxe2 Nf5 23. Qh3 Re7 24.
Nf6+ Kf8 25. Ngh7# {Czerwonski,A (2358)-Bukojemski,A (2219) Warsaw POL 2019 1-0
}) 11. Bc5 $146 ({RR} 11. Bxb6) ({RR} 11. Bxb6 cxb6 12. b4 Qc7 13. Nb5 {
1-0 (13) Gleizerov,E (2564)-Fleischer,E (1999) Winterthur 2012}) 11... Re8 12.
Bb4 Nac4 13. Qb3 Nd6 14. Bd3 f5 15. O-O fxe4 16. Nxe4 Bf5 17. Bxd6 cxd6 18. a4
a5 19. Rfe1 Bxe4 20. Bxe4 Rb8 21. h4 Nd7 22. Ng5 Nc5 23. Qg3 Qf6 24. h5 Bh6 25.
Nh3 Kg7 26. Ra3 Bf4 27. Qg4 Rbc8 28. Bb1 g5 29. g3 h6 30. Rf3 Nxa4 31. gxf4
exf4 32. Rxe8 Rxe8 33. Nxf4 Kg8 34. Ne6 Qxb2 35. Qf5 1-0

[Event "II Criciúma Chess Open - A1700 - 12-18"]
[Site "Criciúma SC"]
[Date "2024.01.16"]
[Round "7.13"]
[White "Federzoni, Enzo"]
[Black "Burgos, Marcelo Alves"]
[Result "1-0"]
[WhiteElo "2170"]
[BlackElo "2130"]
[PlyCount "75"]
[EventDate "2024.01.12"]
[EventRounds "9"]
[EventCountry "BRA"]

1. e4 {Ftacnik,L} c5 2. Nf3 d6 3. d4 cxd4 4. Nxd4 Nf6 5. Nc3 a6 6. Bg5 e6 7. f4
h6 ({RR} 7... Qb6 8. Qd2 Qxb2 9. Rb1) 8. Bh4 Qb6 9. Qd2 Qxb2 10. Rb1 Qa3 11. e5
dxe5 12. fxe5 Nfd7 13. Ne4 Qxa2 14. Rd1 Qd5 15. Qe3 Qxe5 16. Be2 Bc5 17. Bg3
Qd5 ({RR} 17... Bxd4) 18. c4 ({RR} 18. Bf3 O-O ({RR} 18... Bxd4 19. Qa3 ({RR} 
19. Rxd4 Qa5+ 20. Rd2 O-O 21. O-O Nc6) 19... Bc5 ({RR} 19... Kd8 20. c4 Qxc4
21. Rc1) 20. Qc3 Nc6 21. Rxd5 Bb4 22. Nd6+ Kf8 23. Qxb4 Nxb4 24. Rd2) 19. Qc3 (
{RR} 19. Nf6+ Nxf6 20. Bxd5 Bb4+ ({RR} 20... exd5 21. O-O Nc6 22. Rxf6 Nxd4 23.
Rxd4 gxf6 24. Bd6 Bxd4 ({RR} 24... Bxd6 25. Rh4 Bc5 26. Qxc5 Kg7 27. Qe3 Rh8
28. Qg3+) 25. Qxd4 Re8 26. Qxf6 a5 27. Qxh6 Bf5 28. Qg5+ Bg6 29. h4 a4 30. h5
a3 31. Bxa3 Rxa3 32. hxg6 Re6) 21. Kf1 exd5 22. h3 ({RR} 22. Qb3 a5) 22... Re8
23. Qb3 Bc5 24. Bf2 Nbd7 25. Ne2 b5) 19... e5 ({RR} 19... a5 20. O-O Bxd4+ 21.
Rxd4 Qb5 22. Nd6 Qc5) 20. Nb3 Bd4 21. Nxd4 exd4 22. Rxd4 Qe6 23. Rd6 Qe7 ({RR} 
23... Qf5 24. O-O Nc6) 24. Rd2 Nf6 ({RR} 24... Nc6 25. Bd6 Qh4+ 26. g3 Qd8 27.
Bxf8 Qxf8) 25. Bd6 Nxe4 26. Bxe7 Nxc3 27. Bxf8 Nc6 28. Bxc6 bxc6 29. Rd8 Bb7
30. Rxa8 Bxa8 31. Be7 c5 32. Bxc5 Bxg2) 18... Bxd4 19. Rxd4 Qa5+ 20. Rd2 ({RR} 
20. Kf2 O-O 21. Rhd1 f5 22. Nd6 Nf6 23. Nxc8 Ne4+ 24. Kg1 Rxc8 25. Be1 Qc7)
20... O-O 21. Bd6 f5 ({RR} 21... Rd8 22. g4 ({RR} 22. Qg3 Qf5 23. Be5 Qg6 24.
Qh4 Nc6 25. Bc3 Rf8 26. O-O f5 27. Bh5 Qh7 28. Qg3 fxe4 29. Bg6 Qh8 30. Bxe4 e5
) 22... Nc6 ({RR} 22... f5 23. Nc3 Nc6) 23. g5 hxg5 24. Rg1 Nde5 25. Rxg5 Rxd6
26. Nxd6 f6 ({RR} 26... Bd7) 27. Rh5 Ne7 28. Qh3 N7g6 29. Nxc8) ({RR} 21... Re8
22. Qg3 ({RR} 22. O-O f5 23. Bxb8 fxe4 24. Bd6 Nf6) 22... Qf5 23. Bd3 Qg6 24.
Qxg6 fxg6 25. Bg3 Rd8 26. Nd6 g5 27. Rf1 Nc6 28. Be4 Nc5 29. Bxc6 bxc6 30. Be5
Rd7 ({RR} 30... a5)) 22. Bxf8 Nxf8 23. Nd6 Nbd7 ({RR} 23... Nc6 24. O-O Qe5 25.
Qxe5 Nxe5 26. Bh5 b5) 24. Bf3 ({RR} 24. g4 fxg4 ({RR} 24... Qe5 25. Qxe5 Nxe5
26. gxf5 exf5 27. O-O g6 28. Rb1 Be6 29. c5 a5 30. Ra1 a4 31. Ra3) 25. Bxg4
Qa1+ 26. Rd1 Qe5 27. Rd3 ({RR} 27. Ne4 b6 ({RR} 27... b5 28. O-O bxc4 29. Qd4
Bb7 30. Nd6 Bc6 31. Nxc4 Qg5 32. Qf4)) ({RR} 27. Ke2 Qxe3+ 28. Kxe3 Ne5 29. Be2
Bd7 30. Ra1 Bc6 31. Rhb1) 27... Nc5 28. O-O ({RR} 28. Qxe5 Nxd3+) 28... Nxd3
29. Qxd3 Bd7 30. Nxb7 ({RR} 30. Nf7 Qc5+ 31. Rf2 a5 32. Qg3 Be8) 30... Rb8 ({RR
} 30... Bc6 31. Bf3 Bxf3 32. Qxf3 Ng6) 31. Bf3 Qc7 32. Nd6 ({RR} 32. Qa3 Qxc4)
32... Qc5+ 33. Rf2 ({RR} 33. Kh1 a5 34. Rg1 Bc6) 33... a5 34. Nb7 Qb4 ({RR} 
34... Qa7 35. Qd6 a4 36. c5 a3 37. Qb6 Qa4 38. Qa5 Ng6) 35. Qe4 ({RR} 35. Nd6
Rb6 36. Ne4 a4 37. c5 Qb1+ 38. Qf1 Rb3) 35... Nh7 36. c5 Ng5 {0-1 (36) Najer,E
(2687)-Vachier Lagrave,M (2798) Dortmund 2016 CBM 174 [Ftacnik,L]} {RR} 37.
Qxb4 Nxf3+ 38. Rxf3 axb4 39. Na5 Rc8 40. Nb3 Ba4) ({RR} 24. O-O Qc5 25. Kf2 a5
26. Bf3 Qxe3+ 27. Kxe3 Nc5 28. Rb2 a4 29. Ra1 Nfd7 30. g4 fxg4 31. Bxg4 Ra6 32.
Nxc8 Kf7 33. Bf3 Ne5 34. Be2 Ke8 35. Rb6 Ra8 36. Nd6+ Ke7 37. Ne4 Ned7 38. Rb4
Rc8 {Maksimovic,B (2451)-Vantika,A (2381) chess.com INT 2021 1-0 (48)}) 24...
Rb8 25. O-O $146 ({RR} 25. Kf2 Ne5 26. c5 Bd7 27. Re2 Nfg6 28. Rd1 Qc7 29. Qd4
Nxf3 30. gxf3 b6 31. Nc4 Bb5 32. Rxe6 Qxh2+ 33. Ke3 bxc5 34. Qd5 Qf4+ 35. Kd3
Qxc4+ 36. Qxc4 Nf4+ {0-1 (36) Slovak,K (2288)-Nayhebaver,M (2466) Czech
Republic CZE 2019}) 25... Qc5 26. Qxc5 Nxc5 27. g4 f4 28. Ne4 Ncd7 29. c5 Kf7
30. Rb1 Ne5 31. Nd6+ Kf6 32. Be4 Nfd7 33. c6 Nc5 34. Rc2 Nxe4 35. Nxe4+ Ke7 36.
cxb7 Bxb7 37. Rc7+ Kd8 38. Nc5 1-0

[Event "II Criciúma Chess Open - A1700 - 12-18"]
[Site "Criciúma SC"]
[Date "2024.01.16"]
[Round "7.14"]
[White "Labussiere, Yago"]
[Black "Woichinevski, Joao Vinicius Peru"]
[Result "1-0"]
[WhiteElo "2167"]
[BlackElo "1747"]
[PlyCount "73"]
[EventDate "2024.01.12"]
[EventRounds "9"]
[EventCountry "BRA"]

1. c4 e6 2. Nf3 d5 3. d4 Nf6 4. g3 Be7 5. Bg2 O-O 6. O-O b6 7. cxd5 exd5 8. Nc3
Bb7 9. Qa4 ({RR} 9. Nh4 Re8 10. Nf5 Bf8 11. Bg5 c6 12. Qc2 h6 13. Bf4 Bc8 14.
Rac1 Bxf5 15. Qxf5 Bd6 16. Be5 Qe7 17. Bxf6 Qxf6 18. Qxf6 gxf6 19. e4 dxe4 20.
Nxe4 Re6 21. d5 cxd5 22. Nxd6 Rxd6 23. Rc8+ Kg7 {Chuemsakul,S (1645)-Watkins,R
(1212) Corum TUR 2019 1-0 (54)}) 9... Na6 10. Bg5 h6 $146 ({RR} 10... Qe8 11.
Qb3 c5 12. Rad1 c4 13. Qc2 Nc7 14. Rfe1 b5 15. Bxf6 Bxf6 16. e4 Qd8 17. Ne5
Bxe5 18. dxe5 d4 19. Nxb5 Nxb5 20. Qxc4 Qa5 21. a4 Nc7 22. b4 Qxe5 23. Rxd4
Rfd8 24. Rdd1 Ne6 25. f4 {Schulz Knappe,F (2166)-Dervishi,E (2540)
Altenkirchen 2012 0-1}) 11. Bxf6 Bxf6 12. Rad1 c6 13. Rfe1 Re8 14. e3 Nc7 15.
Ne2 Ne6 16. Nc1 Qc7 17. Nd3 c5 18. dxc5 bxc5 19. Nf4 Nxf4 20. exf4 Rxe1+ 21.
Nxe1 Bd4 22. Nc2 Bc6 23. Qa3 Re8 24. Nxd4 cxd4 25. Qc5 Qb6 26. Qxb6 axb6 27.
Bf1 d3 28. Bxd3 d4 29. Rc1 Bd5 30. a3 Kf8 31. Kf1 Ke7 32. Ke2 Kd6+ 33. Kd2 h5
34. h4 Bf3 35. Rc4 Kd5 36. Rc7 Be4 37. Rxf7 1-0

[Event "II Criciúma Chess Open - A1700 - 12-18"]
[Site "Criciúma SC"]
[Date "2024.01.16"]
[Round "7.15"]
[White "Do Nascimento, Christian Almeida"]
[Black "Silva, Juliana Figueira Th"]
[Result "1/2-1/2"]
[WhiteElo "2123"]
[BlackElo "1747"]
[PlyCount "102"]
[EventDate "2024.01.12"]
[EventRounds "9"]
[EventCountry "BRA"]

1. d4 Nf6 2. Bg5 d5 3. Bxf6 exf6 4. g3 Be7 5. Bg2 O-O 6. e3 c6 ({RR} 6... Bf5
7. Ne2 c6 8. O-O Re8 9. Nd2 Bf8 10. c4 Be4 11. Nxe4 dxe4 12. g4 Bd6 13. c5 Bc7
14. Nc3 f5 15. gxf5 Qg5 16. h3 h5 17. Qc2 Nd7 18. Nxe4 Qxf5 19. Rac1 Re6 20.
Nd2 Qg5 21. Nf3 {Paraschiv,P (2008)-Rascanu,C (1462) Calimanesti-Caciulata ROU
2019 1-0 (54)}) 7. Ne2 Nd7 $146 ({RR} 7... Bf5 8. O-O Qd7 9. Nd2 Na6 10. c4
dxc4 11. Nxc4 Bh3 12. Bxh3 Qxh3 13. Nf4 Qd7 14. Qf3 Nc7 15. Rfd1 Qf5 16. e4 Qb5
17. b3 Rfd8 18. Rab1 Rd7 19. a4 Qa6 20. Ne3 g6 21. d5 Rad8 22. Rdc1 {
Hautaniemi,J-Manni,M (2225) Finland 1999 0-1 (39)}) ({RR} 7... Qb6 8. b3 Bf5 9.
Nd2 Qa6 10. a4 Qa5 11. O-O Na6 12. c3 Nc7 13. Re1 Rfe8 14. b4 Qa6 15. Nf4 Ne6
16. Nxe6 fxe6 17. e4 Bg6 18. a5 b5 19. axb6 Qxb6 20. exd5 exd5 21. Nb3 Bf8 22.
Qd2 {Garcia Miracle,J (2082)-Kwossek,G (2029) La Pobla de Lillet 2007 1-0 (42)}
) 8. O-O f5 9. Nd2 Nf6 10. c4 Bd6 11. Nc3 Be6 12. cxd5 Nxd5 13. Nxd5 Bxd5 14.
Bxd5 cxd5 15. Qf3 Bb4 16. Nb1 Qd7 17. a3 Be7 18. Nc3 Rfd8 19. Rac1 Rac8 20. Rc2
Rc4 21. Rfc1 Rdc8 22. Qe2 Bf8 23. Qd3 a6 24. Nb1 b5 25. Nd2 R4c6 26. Kg2 g6 27.
Qb3 Be7 28. Rxc6 Rxc6 29. Rc3 Qc8 30. Rxc6 Qxc6 31. Nb1 Qc4 32. Qxc4 dxc4 33.
Nc3 Kf8 34. Kf3 Ke8 35. e4 fxe4+ 36. Kxe4 Kd7 37. Kd5 f5 38. Na2 Kc7 39. Nb4
Kb6 40. Ke6 Bf8 41. d5 a5 42. Na2 Kc5 43. Nc3 b4 44. axb4+ axb4 45. Nd1 Bd6 46.
f4 Bf8 47. Nf2 c3 48. bxc3 bxc3 49. Nd3+ Kd4 50. Ne1 Kc4 51. Nc2 Bd6 1/2-1/2

[Event "II Criciúma Chess Open - A1700 - 12-18"]
[Site "Criciúma SC"]
[Date "2024.01.16"]
[Round "7.16"]
[White "Pedroso, Denian"]
[Black "Mariani, Daniel Brandao"]
[Result "0-1"]
[WhiteElo "1924"]
[BlackElo "2040"]
[PlyCount "42"]
[EventDate "2024.01.12"]
[EventRounds "9"]
[EventCountry "BRA"]

1. e4 e5 2. Nf3 Nf6 3. d4 Nxe4 4. dxe5 Bc5 5. Qd5 Bxf2+ 6. Ke2 f5 7. exf6 Nxf6
8. Qe5+ Kf8 9. Bg5 Bb6 10. Kd2 $146 ({RR} 10. Nc3 Nc6 11. Qf4 d5 12. Rd1 Be6
13. Ne4 h6 14. Bxf6 gxf6 15. Nxf6 Bf7 16. Ng4 Qe7+ 17. Kd2 Ba5+ 18. Kc1 Qe6 19.
Nge5 Nxe5 20. Nxe5 c6 21. Bd3 Rg8 22. Nxf7 Qxf7 23. Qxh6+ Ke8 24. Rhf1 Qe7 {
Duzs,J (2070)-Csabai,G (1890) Hungary 1995 1-0 (55)}) ({RR} 10. Nc3 Nc6 11. Qf4
d5 12. Rd1 Be6 13. Ne4 h6 14. Bxf6 gxf6 15. Nxf6 Kg7 16. Nxd5 Bxd5 17. Qg4+ Kf6
18. Qh4+ Ke6 19. Qg4+ Ke7 20. Qh4+ Kd6 21. Qf4+ Kc5 22. Qe3+ Kd6 23. Qf4+ Kc5
24. Qe3+ Kd6 {Glotov,M (2307)-Nagibin,G (2366) Moscow 2009 1/2-1/2}) ({RR} 10.
Nc3 Nc6 11. Qf4 Qe7+ 12. Kd2 Ba5 13. Re1 Bxc3+ 14. bxc3 Qd6+ 15. Qxd6+ cxd6 16.
Bf4 d5 17. Bd3 Ne8 18. Rhf1 d6 19. Nd4 Nf6 20. Bxd6+ Kf7 21. Nxc6 bxc6 22. Re7+
Kg8 23. Rc7 Bd7 24. Be7 Ne4+ {Switzer,T-Dwyer,W Canberra 1995 1-0}) 10... Nc6
11. Qf4 h6 12. Bh4 d5 13. Bd3 Kf7 14. Rf1 Re8 15. Nc3 Be3+ 16. Qxe3 Rxe3 17.
Kxe3 d4+ 18. Ke2 dxc3 19. Rad1 Qe7+ 20. Kf2 Qc5+ 21. Ke2 Bg4 0-1

[Event "II Criciúma Chess Open - A1700 - 12-18"]
[Site "Criciúma SC"]
[Date "2024.01.16"]
[Round "7.17"]
[White "Bitencourt, Evandro Jose Dos S"]
[Black "Goncalves, Nata"]
[Result "1-0"]
[WhiteElo "1863"]
[BlackElo "1998"]
[PlyCount "59"]
[EventDate "2024.01.12"]
[EventRounds "9"]
[EventCountry "BRA"]

1. e4 {Mueller,Karsten} e5 2. Nf3 Nc6 3. Bb5 a6 4. Bxc6 dxc6 5. d4 exd4 6. Qxd4
Qxd4 7. Nxd4 Bd7 8. Be3 O-O-O 9. Nc3 Bb4 10. Nde2 Ne7 11. O-O-O Ng6 12. a3 ({RR
} 12. f3 h6 13. Na4 b6 14. b3 f5 15. Nac3 Nh4 16. Rhg1 g5 17. Bf2 Ng6 18. Kb2
Rhe8 19. exf5 Bxf5 20. Rxd8+ Kxd8 21. Ng3 Bd7 22. Nge4 Nf4 23. Bg3 Nh5 24. Bf2
Bf8 25. Rd1 Kc8 26. g4 Nf4 {Skorodelov,S (2258)-Triapishko,O (2478) Moscow
2017 0-1 (73)}) 12... Bd6 13. Na4 Rhe8 14. Nb6+ $146 ({RR} 14. Ng3 Bf4 15. Rde1
b6 16. Bxf4 Nxf4 17. Rhg1 c5 18. Nc3 Bc6 19. f3 Rd7 20. Nce2 Nxe2+ 21. Rxe2
Red8 22. Ree1 g5 23. Rd1 Rxd1+ 24. Rxd1 Rxd1+ 25. Kxd1 Kd7 26. Kd2 Ke6 27. Ke3
Ke5 28. Nf5 Bd7 {Kaeser,U (2343)-Huschenbeth,N (2287) Osterburg 2006 CBM 112 
[Mueller,Karsten] 1-0 (56)}) 14... cxb6 15. Rxd6 Kc7 16. Rhd1 Rxe4 17. Nc3 Re6
18. Rxe6 fxe6 19. Na4 c5 20. Bg5 Rf8 21. Nxb6 Bb5 22. a4 Be2 23. Rd2 Rxf2 24.
Bd8+ Kc6 25. b3 Rxg2 26. Nc8 b5 27. Na7+ Kb7 28. Rd7+ Kb8 29. Nc6+ Kc8 30. Rc7#
1-0

[Event "II Criciúma Chess Open - A1700 - 12-18"]
[Site "Criciúma SC"]
[Date "2024.01.16"]
[Round "7.18"]
[White "Schena, Arthur"]
[Black "Medeiros, Thauane Ferreira"]
[Result "1-0"]
[WhiteElo "1878"]
[BlackElo "1842"]
[PlyCount "49"]
[EventDate "2024.01.12"]
[EventRounds "9"]
[EventCountry "BRA"]

1. e4 e5 2. Bc4 Nf6 3. d3 c6 4. Nf3 d5 5. Bb3 a5 6. a4 Bb4+ 7. Bd2 ({RR} 7. c3
Bd6 8. exd5 cxd5 9. Bg5 Be6 10. Na3 Nbd7 11. Nb5 Bb8 12. O-O O-O 13. Bh4 h6 14.
Re1 Re8 15. d4 e4 16. Nd2 Ra6 17. c4 dxc4 18. Bxc4 Bxc4 19. Nxc4 Qe7 20. d5 Qb4
21. b3 Ne5 {Karjakin,S (2758)-Nepomniachtchi,I (2792) Stavanger NOR 2021 1-0 
(55)}) 7... Bxd2+ 8. Qxd2 O-O 9. Nxe5 $146 ({RR} 9. O-O Re8 10. h3 Nbd7 11.
exd5 cxd5 12. Re1 b6 13. Nc3 Bb7 14. Nb5 Qb8 15. d4 e4 16. Nh4 Nf8 17. Nf5 Bc6
18. c4 Bxb5 19. axb5 dxc4 20. Bxc4 Ng6 21. b4 Qc7 22. Ne3 axb4 23. Qxb4 Rxa1 {
Beerdsen,T (2484)-Vrolijk,L (2470) Netherlands NED 2021 1/2-1/2}) ({RR} 9. O-O
Re8 10. h3 Na6 11. exd5 Nc5 12. dxc6 Nxb3 13. cxb3 bxc6 14. Na3 Nd5 15. Rfe1 f6
16. Nc4 c5 17. Rac1 Bb7 18. Red1 Nf4 19. Ne1 Bd5 20. f3 Re7 21. Qf2 Rb7 22. Nd2
Ne6 23. Ne4 Bxb3 {Stukopin,A (2578)-Ipatov,A (2631) Charlotte USA 2019 0-1 (68)
}) 9... Qe7 10. f4 dxe4 11. d4 Nd5 12. O-O Kh8 13. Nc3 Nxc3 14. Qxc3 Be6 15.
Bxe6 Qxe6 16. f5 Qd5 17. f6 gxf6 18. Rxf6 Nd7 19. Nxd7 Qxd7 20. Raf1 Rad8 21.
d5 Kg8 22. R1f5 h6 23. Qg3+ Kh7 24. Rxh6+ Kxh6 25. Qh4+ 1-0